| 000 | 00813nam a2200253 a 4500 | ||
|---|---|---|---|
| 003 | BLK | ||
| 005 | 20250616102843.0 | ||
| 007 | ta | ||
| 008 | 221104b bu |||||r|||| 00| | bu d | ||
| 020 | _a9786192291037 | ||
| 040 | _aBLK | ||
| 041 |
_aBUL _cBUL |
||
| 080 |
_9232229 _aЙога _b294.527 _x-93 _z294.527 |
||
| 084 | _aБ 38 | ||
| 100 |
_9496828 _aБерк, Езги |
||
| 245 |
_aОбичам йогата _cЕзги Берк; прев. от тур. Радослава Ненкова |
||
| 260 |
_9487273 _aСофия _bРакета _c2024 |
||
| 300 |
_a64 с. _bс ил. _c22 см |
||
| 380 | _aDN | ||
| 700 |
_9496829 _aНенкова, Радослава |
||
| 856 |
_i0.00 _ldisable |
||
| 942 |
_cKNG _n0 _07 |
||
| 944 |
_a30553 _cИваничка Йорданова _k30551 _lБояна Костадинова |
||
| 999 |
_c524824 _d524824 |
||